LEADER 01101nam a2200253 u 4500 001 000000118958 003 CaOOAMICUS 005 20091218105415.0 008 091218s1985 be u000 u fre r 040 $aPUL$bita$dMCT 100 1 $aVogel, Cyrille,$d1919-1982.$0(OLS)http://pul/name/14241 245 15$aLes "Libri paenitentiales" /$cC. Vogel ; par A.J. Frantzen. 260 $aTurnhout :$bBrepols,$c1985. 300 $a47 p. ;$c24 cm 490 1 $aTypologie des sources du Moyen Âge Occidental 500 $aSul front.: "Mise à jour du fascicule n. 27". 650 4$aLibri penitenziali.$0(OLS)http://pul/subject/10599 700 1 $aFrantzen, A.J.$0(OLS)http://pul/name/74333 830 0$aTypologie des sources du Moyen Âge Occidental.$0(OLS)http://pul/title/745 850 $aPUL 852 $aPUL$W1$xSL Cons. Gen., Altre Classi 1$y1$m2022 A 27bis$j136502$qStampati$B135490$CPULBib$Z2$F135490 $H57967 $82 941 1 $a8 996 $6245$aLes "Libri paenitentiales"$9(OLS)http://pul/title/149606 996 $6260$aTurnhout :$bBrepols$9(OLS)http://pul/publisher/47850 LEADER 01208nam a2200301 a 4500 001 000000141078 003 CaOOAMICUS 005 20150112114450.0 008 150112s2014 it u000 u ita r 020 $a978-88-14-19033-9 040 $aPUL$bita 100 1 $aGigliotti, Fulvio.$0(OLS)http://pul/name/90844 245 10$aDel pagamento dell'indebito :$bobbligazioni naturali /$cFulvio Gigliotti. 260 $aMilano :$bGiuffrè,$c©2014. 300 $aXVII, 383 p. ;$c25 cm 490 1 $aIl Codice civile.$aCommentario 500 $aInclude indici. 504 $aBibliografia in nota. 505 $aArtt. 2034. 650 4$aObbligazioni (diritto).$0(OLS)http://pul/subject/17087 830 3$aIl Codice civile.$pCommentario.$0(OLS)http://pul/title/53143 850 $aPUL 852 $aPUL$W1$xSL Diritto e Scienze Sociali 3$y79$m300 A 1.2034$j162848$qDDC 21$B162551$CPULBib$Z2$F162551 $H125226 $82 941 1 $a9 996 $6020$a978-88-14-19033-9$9(OLS)http://pul/number/156648 996 $6245$aDel pagamento dell'indebito :$bobbligazioni naturali$9(OLS)http://pul/title/178539 996 $6260$aMilano :$bGiuffrè$9(OLS)http://pul/publisher/48401